Toán 1
vv
Đã lưu trong:
| Tác giả chính: | |
|---|---|
| Định dạng: | Sách |
| Năm xuất bản: |
H.:
Giáo dục,
2002
|
| Chủ đề: | |
| Tags: |
Thêm thẻ
Không có thẻ, Hãy là người đầu tiên gắn thẻ bản ghi này!
|
| LEADER | 00555nam a2200145 4500 | ||
|---|---|---|---|
| 082 | |a 372.7 |b T406m | ||
| 100 | |a Đỗ Đình Hoan | ||
| 245 | |a Toán 1 |c Đỗ Đình Hoan, Nguyễn Áng, Đỗ Trung Hiệu, Phạm Thanh Tâm | ||
| 260 | |a H.: |b Giáo dục, |c 2002 | ||
| 300 | |a 184tr.; |b 24cm | ||
| 520 | |a vv | ||
| 653 | |a Toán học( Giáo dục tiểu học) | ||
| 942 | |2 ddc |c SH | ||
| 999 | |c 11534 |d 11534 | ||
| 952 | |0 0 |1 0 |2 ddc |4 0 |6 372_700000000000000_T406M |7 0 |8 300 |9 98802 |a qbu |b qbu |c D2 |d 2015-11-16 |g 8500 |l 2 |m 1 |o 372.7 T406m |p 11184.C1 |r 2017-05-19 |s 2017-05-18 |w 2015-11-16 |y SH | ||